书目信息 |
| 题名: |
法医报告
|
|
| 作者: | 布莱克 著 ;温雅 , 徐诗凌 译 | |
| 分册: | ||
| 出版信息: | 北京 中信出版集团股份有限公司 2021.1 |
|
| 页数: | 12,376页 | |
| 开本: | 21cm | |
| 丛书名: | ||
| 单 册: | ||
| 中图分类: | Q419 | |
| 科图分类: | ||
| 主题词: | 死亡--普及读物 | |
| 电子资源: | ||
| ISBN: | 978-7-5217-1457-9 | |
| 000 | 01208nam0 2200325 45 | |
| 001 | 012001002577 | |
| 005 | 20140914143327.0 | |
| 010 | @a978-7-5217-1457-9@dCNY58.00 | |
| 100 | @a20200702d2020 em y0chiy50 ea | |
| 101 | 1 | @achi@ceng |
| 102 | @aCN@b110000 | |
| 105 | @ay z 000yy | |
| 106 | @ar | |
| 200 | 1 | @a法医报告@Afa yi bao gao@b专著@e死亡教会我们什么@dAll that remains@ea life in death@f(英)苏·布莱克(Sue Black)著@g温雅,徐诗凌译@zeng |
| 210 | @a北京@c中信出版集团股份有限公司@d2021.1 | |
| 215 | @a12,376页@d21cm | |
| 300 | @a商业家 | |
| 300 | @a并列题名:All that remains | |
| 300 | @a其他题名:死亡教会我们什么 | |
| 306 | @a本书限中国大陆发行 | |
| 330 | @a本书揭示了作者亲眼见证的死亡的不同面目,通过她自己参与的真实案例探索了法医学科的发展与进步,也将法医人类学这一学科对其工作及生活的影响与感悟和盘托出。 | |
| 510 | 1 | @aAll that remains@ea life in death@zeng |
| 517 | 1 | @a死亡教会我们什么@Asi wang jiao hui wo men shen me |
| 606 | 0 | @a死亡@j普及读物 |
| 690 | @aQ419@v5 | |
| 701 | 0 | @c(英)@a布莱克@Abu lai ke@c(女,Black, Sue)@4著 |
| 702 | 0 | @a温雅@Awen ya@4译 |
| 702 | 0 | @a徐诗凌@Axu shi ling@4译 |
| 801 | 2 | @aCN@bBJSDL@c20211018 |
| 905 | @b1344426-9@dQ419@e45@f4 | |
| 法医报告:死亡教会我们什么=All that remains:a life in death/(英)苏·布莱克(Sue Black)著/温雅,徐诗凌译.-北京:中信出版集团股份有限公司,2021.1 |
| 12,376页;21cm |
| 商业家.-并列题名:All that remains.-其他题名:死亡教会我们什么 |
| ISBN 978-7-5217-1457-9:CNY58.00 |
| 本书揭示了作者亲眼见证的死亡的不同面目,通过她自己参与的真实案例探索了法医学科的发展与进步,也将法医人类学这一学科对其工作及生活的影响与感悟和盘托出。 |
| ● |
| 相关链接 |
|
|
|
|
正题名:法医报告
索取号:Q419/45
 
预约/预借
| 序号 | 登录号 | 条形码 | 馆藏地/架位号 | 状态 | 备注 |
| 1 | 1344426 | 213444263 | 第二样本阅览室/ [索取号:Q419/45] | 在馆 | |
| 2 | 1344427 | 213444272 | 第三借阅区/ [索取号:Q419/45] | 在馆 | |
| 3 | 1344428 | 213444281 | 第三借阅区/ [索取号:Q419/45] | 在馆 | |
| 4 | 1344429 | 213444290 | 第三借阅区/ [索取号:Q419/45] | 在馆 |